| 000 | 01925nam a22003137a 4500 | ||
|---|---|---|---|
| 005 | 20100826122442.0 | ||
| 008 | 090109t xxu||||| |||| 00| 0urd d | ||
| 010 | _aUR-7916 ,B-429110-114 | ||
| 020 |
_c300.00 _a9788182237704 |
||
| 035 | _aU-6471 B-429110-114 | ||
| 037 | _bDBAD/PUB | ||
| 040 |
_aDPL _burd |
||
| 082 | _aک | ||
| 100 |
_912785 _aشو کت حیا ت |
||
| 245 |
_aگنبد کے کبو تر / _cشو کت حیا ت |
||
| 246 |
_aIMAM ABU HANIFA _bby Mohd Ismail azad Fatehpuri |
||
| 260 |
_aدہلی _c2010 _bایجوکیشنل پبلشنگ ہاؤس |
||
| 270 |
_a3108,Vakil Street, Kucha Pandit,Lal Kuan _bDelhi _e110006 _mwww.ephbooks.com _k011-23216162 _l0091-11-23211540 |
||
| 300 |
_a312 ص _c22 س م (Hb) |
||
| 650 | _912786 | ||
| 700 | _934961 | ||
| 942 |
_2ddc _cUR _hک _mش و ک |
||
| 999 |
_c57199 _d57199 |
||